| 000 | 00702cam a2200253 4500 | ||
|---|---|---|---|
| 001 | B868 | ||
| 008 | 090401t1963 xxu||||| |||| 00| 0 eng d | ||
| 035 | _a(Sirsi) u38425 | ||
| 041 | _aeng | ||
| 050 | _a526.902462 | ||
| 100 | _aClark, David | ||
| 245 | _aPlane and geodetic surveying for engineers ... | ||
| 250 | _a5th ed. | ||
| 260 |
_aLondon _bConstable _c1963 |
||
| 300 | _a2v. : ill. ; 22cm. | ||
| 350 | _a0 | ||
| 520 | _aVolume 1. Plane Surveying Volume 2. Higher Surveying. This edition by James Clendinning. | ||
| 650 | _aFIELD ASTRONOMY | ||
| 650 | _aLAND SURVEYING | ||
| 650 | _aSURVEY ADJUSTMENT | ||
| 700 |
_aClendinning, James _xEditor |
||
| 942 | _n0 | ||
| 948 | _c04/03/1997 | ||
| 999 |
_c90644 _d90644 |
||